00970nab a22001937a 4500003000400000005001700004008004100021040000700062100002300069245013300092260007300225300001300298500004400311505013800355505008900493650002300582700003100605773014000636OSt20251113131702.0190604e xxu||||| |||| 00| 0 spa d cPJ aTripolone, Gerardo10aEl péndulo volvió a moverse : bnueva reglamentación de la Ley de Defensa Nacional /cGerardo Tripolone, Germán Soprano. aCiudad Autónoma de Buenos Aires :bThomson Reuters La Ley, c2025. ap. 42-50 aCita Online: TR LALEY AR/DOC/594/2025.  tSumario: I. Introducción.— II. Antes de Milei.— III. Después de Milei.— IV. Reflexiones finales: del papel a la realidad.  t¿Te interesa el texto completo? Solicitalo al correo: koha@justierradelfuego.gov.ar 0aDERECHO EN GENERAL aSoprano, Germánecoautor0 02714dCiudad Autónoma de Buenos Aires : Thomson Reuters La Ley, 2014-tRevista anales de legislación argentina. Nº 7 - Julio 2025.